[Event "XI Torneo Leonardo di Bona Magistrale"]
[Site "Cutro ITA"]
[Date "2005.04.25"]
[Round "3"]
[White "Starostits, Ilmars"]
[Black "Drasko, Milan"]
[Result "1/2-1/2"]
[WhiteElo "2450"]
[BlackElo "2510"]
[PlyCount "26"]
[EventDate "2005.04.23"]

1. Nf3 Nf6 2. g3 d5 3. Bg2 c6 4. O-O Bg4 5. c4 e6 6. cxd5 Bxf3 7. Bxf3 cxd5 8.
d3 Nc6 9. a3 Be7 10. Nd2 O-O 11. Bg2 a5 12. b3 Rc8 13. Bb2 Nd7 1/2-1/2

[Event "XI Torneo Leonardo di Bona Magistrale"]
[Site "Cutro ITA"]
[Date "2005.04.25"]
[Round "3"]
[White "Zaja, Ivan"]
[Black "Velikov, Petar V."]
[Result "1-0"]
[WhiteElo "2489"]
[BlackElo "2427"]
[PlyCount "91"]
[EventDate "2005.04.23"]

1. d4 d5 2. c4 c6 3. Nf3 Nf6 4. Nc3 a6 5. cxd5 cxd5 6. Bf4 Nc6 7. Rc1 e6 8. e3
Be7 9. Bd3 Nh5 10. Be5 Nf6 11. O-O O-O 12. Bb1 Bd7 13. Ng5 h6 14. Bxf6 Bxf6 15.
Nh7 Re8 16. Nxf6+ Qxf6 17. Na4 Qd8 18. Nc5 Bc8 19. f4 Nb8 20. Qc2 g6 21. Nd3
Nd7 22. Ne5 Nf8 23. Qc7 Nd7 24. Bd3 Rb8 25. Rc3 Qxc7 26. Rxc7 Rd8 27. Rfc1 Nxe5
28. fxe5 Bd7 29. R1c3 a5 30. R3c5 b6 31. Rc3 Be8 32. Kf2 Kf8 33. Ba6 Rd7 34.
Rc8 Rd8 35. Rxb8 Rxb8 36. Rc7 Ra8 37. Bd3 Rb8 38. Ke1 Ba4 39. Kd2 Ke8 40. e4
dxe4 41. Bxe4 Kf8 42. Kc3 Be8 43. a3 b5 44. b4 axb4+ 45. Kxb4 Rb6 46. Bb7 1-0

[Event "XI Torneo Leonardo di Bona Magistrale"]
[Site "Cutro ITA"]
[Date "2005.04.26"]
[Round "4"]
[White "Blasco, Domenico"]
[Black "Cetkovic, Sergio"]
[Result "1/2-1/2"]
[WhiteElo "2004"]
[BlackElo "2121"]
[PlyCount "72"]
[EventDate "2005.04.23"]

1. d4 c5 2. e3 e6 3. Nf3 d5 4. c4 Nf6 5. Nc3 a6 6. a3 Nc6 7. dxc5 Bxc5 8. b4
Bd6 9. Bb2 dxc4 10. Bxc4 b5 11. Bd3 Bb7 12. O-O O-O 13. Qe2 Ne5 14. Nxe5 Bxe5
15. f4 Bc7 16. Rad1 Qe7 17. e4 e5 18. Nd5 Bxd5 19. exd5 e4 20. Bxf6 Qxf6 21.
Qxe4 g6 22. Qf3 a5 23. Kh1 axb4 24. axb4 Ra4 25. Bxb5 Rxb4 26. Qd3 Rxf4 27.
Rxf4 Qxf4 28. d6 Bb6 29. d7 Bc7 30. g3 Qg5 31. Bc4 Bd8 32. Rf1 h5 33. Qd5 Qe7
34. Qd3 Qg5 35. Qd6 Qe7 36. Qd3 Qg5 1/2-1/2

[Event "XI Torneo Leonardo di Bona Magistrale"]
[Site "Cutro ITA"]
[Date "2005.04.26"]
[Round "4"]
[White "Brancaleoni, Maurizio"]
[Black "Bratanov, Zsivko"]
[Result "1/2-1/2"]
[WhiteElo "2296"]
[BlackElo "2423"]
[PlyCount "111"]
[EventDate "2005.04.23"]

1. Nf3 d5 2. d4 Nf6 3. c4 c6 4. e3 a6 5. Nbd2 Bg4 6. Qb3 Qc7 7. Bd3 Nbd7 8. h3
dxc4 9. Bxc4 Bh5 10. Ng5 e6 11. g4 Bg6 12. f4 Nb6 13. Bxe6 fxe6 14. Nxe6 Qe7
15. f5 Bf7 16. Qxb6 Bxe6 17. fxe6 Nd5 18. Qb3 O-O-O 19. Nf3 h5 20. e4 Qxe6 21.
Ne5 Nc7 22. Qxe6+ Nxe6 23. d5 Nd4 24. Nf7 Nc2+ 25. Kd1 Nxa1 26. Nxh8 cxd5 27.
Bg5 Re8 28. Ng6 Bb4 29. e5 hxg4 30. hxg4 Re6 31. Rh8+ Kd7 32. Nf8+ Bxf8 33.
Rxf8 Rxe5 34. Rf7+ Kc6 35. Rxg7 Re6 36. Rf7 Kc5 37. Bf6 Re4 38. g5 Rg4 39. Rxb7
d4 40. Rc7+ Kb4 41. Rc1 Rg2 42. a3+ Kb3 43. Rxa1 Rg1+ 44. Kd2 Rxa1 45. Bxd4 Kc4
46. Bf6 Rg1 47. Ke3 Kd5 48. Kf4 Ke6 49. Bc3 Rf1+ 50. Ke4 Rg1 51. Bf6 Rg4+ 52.
Kd3 a5 53. Ke3 a4 54. Kf3 Kf5 55. Ke3 Ke6 56. Kf3 1/2-1/2

[Event "XI Torneo Leonardo di Bona Magistrale"]
[Site "Cutro ITA"]
[Date "2005.04.26"]
[Round "4"]
[White "Bukal, Vladimir jr"]
[Black "Ninov, Nikolai Ivanov"]
[Result "0-1"]
[WhiteElo "2405"]
[BlackElo "2486"]
[PlyCount "60"]
[EventDate "2005.04.23"]

1. d4 Nf6 2. c4 e6 3. Nf3 d5 4. Nc3 dxc4 5. e4 Bb4 6. Bg5 c5 7. Bxc4 cxd4 8.
Nxd4 Nbd7 9. O-O Qa5 10. Bh4 O-O 11. Qe2 Qh5 12. Qxh5 Nxh5 13. Rad1 Ne5 14. Bb3
Bd7 15. f4 Ng6 16. Bg5 h6 17. f5 hxg5 18. fxg6 Bc5 19. Kh1 fxg6 20. Nxe6 Rxf1+
21. Rxf1 Bxe6 22. Bxe6+ Kh7 23. e5 Re8 24. Ne4 Be3 25. Bb3 Rxe5 26. Rf8 Bc5 27.
Rc8 Rxe4 28. g4 Re1+ 29. Kg2 Nf4+ 30. Kf3 Re3+ 0-1

[Event "XI Torneo Leonardo di Bona Magistrale"]
[Site "Cutro ITA"]
[Date "2005.04.26"]
[Round "4"]
[White "Drasko, Milan"]
[Black "Kasparov, Sergey"]
[Result "1/2-1/2"]
[WhiteElo "2510"]
[BlackElo "2461"]
[PlyCount "81"]
[EventDate "2005.04.23"]

1. Nf3 Nf6 2. g3 b6 3. Bg2 Bb7 4. c4 c5 5. O-O e6 6. Nc3 d6 7. d4 cxd4 8. Qxd4
a6 9. Bg5 Nbd7 10. Nd2 Bxg2 11. Kxg2 Qc7 12. Nde4 Nxe4 13. Nxe4 Nc5 14. f3 Nxe4
15. Qxe4 Rc8 16. Rac1 Qc6 17. Qd4 Qc5 18. Be3 Qxd4 19. Bxd4 Rb8 20. Rc3 e5 21.
Bf2 Be7 22. Rd1 O-O 23. Rd5 Rfc8 24. a4 f5 25. e4 fxe4 26. fxe4 Kf7 27. b3 Ke6
28. Rcd3 Rc6 29. Be3 h6 30. h4 h5 31. Kf3 Rf8+ 32. Ke2 Rg8 33. Rd1 g5 34. hxg5
Bxg5 35. Bf2 Bf6 36. Rh1 Rh8 37. Kd3 Bd8 38. Ke2 Rc8 39. Rd3 Rb8 40. Rf3 b5 41.
axb5 1/2-1/2

[Event "XI Torneo Leonardo di Bona Magistrale"]
[Site "Cutro ITA"]
[Date "2005.04.26"]
[Round "4"]
[White "Georgiev, Krum I."]
[Black "Starostits, Ilmars"]
[Result "0-1"]
[WhiteElo "2457"]
[BlackElo "2450"]
[PlyCount "100"]
[EventDate "2005.04.23"]

1. e4 c5 2. Nf3 d6 3. d4 cxd4 4. Nxd4 Nf6 5. Nc3 g6 6. Be3 Bg7 7. Qd2 Ng4 8.
Bg5 h6 9. Bh4 Nc6 10. Nb3 Be6 11. Be2 a5 12. a4 O-O 13. O-O Rc8 14. Kh1 Nb4 15.
Nd4 Bxd4 16. Qxd4 Nxc2 17. Qd1 Nxa1 18. Bxg4 Bxg4 19. Qxg4 Rxc3 20. bxc3 Nb3
21. f4 Nd2 22. Re1 Kh7 23. Qd1 Nc4 24. Qd5 e6 25. Qxc4 Qxh4 26. g3 Qd8 27. Rb1
Qd7 28. Qd4 Qc7 29. Rb6 Rc8 30. Rxd6 Qxc3 31. Qxc3 Rxc3 32. Rd7 Kg7 33. Rxb7
Rc4 34. e5 Rxa4 35. h4 Ra2 36. Ra7 a4 37. Kg1 Kf8 38. Ra8+ Ke7 39. Ra7+ Ke8 40.
Kh1 a3 41. Kg1 Kd8 42. Kf1 Kc8 43. Ke1 Kb8 44. Ra4 h5 45. Kd1 Ra1+ 46. Kc2 a2
47. Kb3 Rg1 48. Rxa2 Rxg3+ 49. Kc4 Rg4 50. Kc5 Rxh4 0-1

[Event "XI Torneo Leonardo di Bona Magistrale"]
[Site "Cutro ITA"]
[Date "2005.04.26"]
[Round "4"]
[White "Hocevar, Nikola"]
[Black "Voiska, Margarita"]
[Result "0-1"]
[WhiteElo "2092"]
[BlackElo "2340"]
[PlyCount "148"]
[EventDate "2005.04.23"]

1. c4 g6 2. Nf3 Bg7 3. d4 c5 4. Nc3 d6 5. e3 Nf6 6. Be2 O-O 7. O-O cxd4 8. exd4
Nc6 9. d5 Nb4 10. Be3 a5 11. a3 Na6 12. Na4 Bd7 13. Nb6 Rb8 14. Bd4 Be8 15. Na4
b5 16. cxb5 Bxb5 17. Nc3 Bxe2 18. Qxe2 Nc7 19. Rfd1 Re8 20. Rab1 e5 21. dxe6
Nxe6 22. Be3 Ng4 23. Qd2 Nxe3 24. Qxe3 Nd4 25. Qd3 Nxf3+ 26. Qxf3 Rb3 27. Qd5
Qb8 28. Na4 Rb5 29. Qd2 Rh5 30. h3 Rh4 31. Nc3 Rd4 32. Qc2 Rc8 33. Rxd4 Bxd4
34. Rd1 Qb6 35. Qd2 Bxc3 36. bxc3 Qc5 37. Qxd6 Qxd6 38. Rxd6 Rxc3 39. a4 Rc4
40. Ra6 Rxa4 41. g4 g5 42. Kg2 Kg7 43. Kg3 Ra1 44. h4 h6 45. hxg5 hxg5 46. Kf3
Ra4 47. Ke3 Ra2 48. f3 Ra3+ 49. Ke4 f6 50. Ra7+ Kg6 51. Ra6 Ra1 52. Ra7 Re1+
53. Kd3 Re5 54. Kd4 Rb5 55. Ke3 f5 56. Ra6+ Kf7 57. gxf5 Rxf5 58. Ke4 Rb5 59.
Ra7+ Ke6 60. Ra6+ Kd7 61. f4 gxf4 62. Kxf4 Kc7 63. Ke3 Kb7 64. Rh6 Rd5 65. Rh4
Kb6 66. Rd4 Rc5 67. Kd3 Kb5 68. Rh4 a4 69. Rh8 a3 70. Ra8 Kb4 71. Kd2 Rc4 72.
Rb8+ Ka4 73. Kd3 Rc5 74. Kd2 a2 0-1

[Event "XI Torneo Leonardo di Bona Magistrale"]
[Site "Cutro ITA"]
[Date "2005.04.26"]
[Round "4"]
[White "Isonzo, David"]
[Black "Blagojevic, Dragisa"]
[Result "0-1"]
[WhiteElo "2325"]
[BlackElo "2549"]
[PlyCount "110"]
[EventDate "2005.04.23"]

1. e4 e5 2. Nf3 Nc6 3. Nc3 Nf6 4. d4 exd4 5. Nxd4 Bb4 6. Nxc6 bxc6 7. Bd3 O-O
8. O-O d5 9. exd5 cxd5 10. Bg5 c6 11. Na4 Bd6 12. c4 h6 13. Bh4 Re8 14. Rc1 Bf4
15. Rc2 Qd6 16. Bg3 Bxg3 17. hxg3 Qb4 18. Rc1 Bg4 19. Qc2 Rab8 20. a3 Qb3 21.
Qxb3 Rxb3 22. Bc2 Rbb8 23. cxd5 cxd5 24. Rfe1 Rxe1+ 25. Rxe1 a5 26. Rb1 Kf8 27.
b4 axb4 28. axb4 Ke7 29. f3 Bd7 30. Nc5 Be8 31. Kf2 Ra8 32. Bb3 Kd6 33. g4 Rb8
34. Bc2 Ra8 35. Bb3 Bc6 36. Ke3 Ne8 37. Rb2 Nc7 38. Ra2 Rb8 39. Nd3 Bb5 40. Nc5
Bf1 41. Ra4 Kc6 42. Kf2 Bc4 43. Bxc4 dxc4 44. Ke3 Rd8 45. Ra1 Kb5 46. Ne4 Rd7
47. Rb1 Rd3+ 48. Ke2 Ne6 49. Kf1 c3 50. Rc1 Kxb4 51. Rb1+ Ka3 52. Nf2 Rd5 53.
Rb8 c2 54. Ra8+ Kb3 55. Rb8+ Kc4 0-1

[Event "XI Torneo Leonardo di Bona Magistrale"]
[Site "Cutro ITA"]
[Date "2005.04.26"]
[Round "4"]
[White "Ivanov, Mikhail M."]
[Black "Kasparova, Tatiana"]
[Result "1-0"]
[WhiteElo "2418"]
[BlackElo "2240"]
[PlyCount "89"]
[EventDate "2005.04.23"]

1. Nf3 Nf6 2. c4 c5 3. Nc3 b6 4. e4 d6 5. d4 cxd4 6. Nxd4 Bb7 7. Qe2 e6 8. g3
Be7 9. Bg2 O-O 10. O-O Nfd7 11. Rd1 a6 12. b3 Qc7 13. Ba3 Nc6 14. Nxc6 Qxc6 15.
Nd5 Bd8 16. Nf4 Be7 17. e5 Qc8 18. exd6 Bf6 19. Rac1 Bxg2 20. Kxg2 Rd8 21. Nh5
Qc6+ 22. Kh3 Ne5 23. f4 Nd7 24. g4 Re8 25. g5 Bd8 26. Bb2 g6 27. Ng3 e5 28. Qe3
Qc5 29. Qxc5 Nxc5 30. Bxe5 Nd7 31. Bd4 f6 32. gxf6 Kf7 33. f5 Bxf6 34. fxg6+
hxg6 35. b4 Bxd4 36. Rxd4 Rh8+ 37. Kg2 Rac8 38. Rf1+ Ke6 39. Re1+ Kf6 40. Re7
Rcd8 41. Ne4+ Kf5 42. c5 bxc5 43. bxc5 Ne5 44. Ng3+ Kf6 45. Rd5 1-0

[Event "XI Torneo Leonardo di Bona Magistrale"]
[Site "Cutro ITA"]
[Date "2005.04.26"]
[Round "4"]
[White "Karpatchev, Aleksandr"]
[Black "Marholev, Dimitar"]
[Result "1-0"]
[WhiteElo "2472"]
[BlackElo "2395"]
[PlyCount "57"]
[EventDate "2005.04.23"]

1. e4 e5 2. Nf3 Nc6 3. d4 exd4 4. Bc4 Nf6 5. e5 Ng4 6. O-O d6 7. exd6 Bxd6 8.
Re1+ Kf8 9. Na3 a6 10. Bb3 Nge5 11. Bg5 f6 12. Nxe5 Bxe5 13. f4 fxg5 14. fxe5
Qe7 15. Rf1+ Ke8 16. Rf7 Qxe5 17. Qf1 Qc5 18. Rxg7 Rf8 19. Re1+ Kd8 20. Rf7 d3+
21. Kh1 Bf5 22. Rxf8+ Qxf8 23. cxd3 Kd7 24. Qf3 Qc5 25. d4 Nxd4 26. Qxb7 Re8
27. Ba4+ Nb5 28. Rd1+ Ke6 29. Qxa6+ 1-0

[Event "XI Torneo Leonardo di Bona Magistrale"]
[Site "Cutro ITA"]
[Date "2005.04.26"]
[Round "4"]
[White "Lacrosse, Marc"]
[Black "Cordi', Domenico"]
[Result "1-0"]
[WhiteElo "2289"]
[BlackElo "2084"]
[PlyCount "51"]
[EventDate "2005.04.23"]

1. d4 Nf6 2. c4 e6 3. Nf3 c5 4. d5 exd5 5. cxd5 d6 6. Nc3 g6 7. e4 Bg7 8. Bd3
O-O 9. h3 Re8 10. O-O Na6 11. Bf4 Nb4 12. Bb1 b5 13. a3 Nh5 14. Bh2 Bxc3 15.
bxc3 Na6 16. Re1 Bb7 17. Qd2 c4 18. g4 Qf6 19. Kg2 Ng7 20. Qh6 Rad8 21. Re3 Nc5
22. Bf4 Nd3 23. Bxd3 cxd3 24. Bg5 Qxc3 25. Rc1 Qb2 26. Rb1 1-0

[Event "XI Torneo Leonardo di Bona Magistrale"]
[Site "Cutro ITA"]
[Date "2005.04.26"]
[Round "4"]
[White "Mrdja, Milan"]
[Black "De Rosa, Mariagrazia"]
[Result "1/2-1/2"]
[WhiteElo "2373"]
[BlackElo "2081"]
[PlyCount "118"]
[EventDate "2005.04.23"]

1. e4 c5 2. Nf3 d6 3. d4 cxd4 4. Nxd4 Nf6 5. Nc3 a6 6. f4 e6 7. Bd3 Qc7 8. Qe2
Nc6 9. Nf3 Be7 10. e5 dxe5 11. fxe5 Nd7 12. Bf4 Nc5 13. O-O-O b5 14. Ne4 Nb4
15. Nxc5 Bxc5 16. Be4 Bb7 17. Kb1 Bd5 18. a3 Bc4 19. Qe1 Nd5 20. Bc1 Rb8 21.
Qg3 b4 22. Bxd5 Bxd5 23. Rxd5 exd5 24. Qxg7 Rf8 25. axb4 Rxb4 26. Qxh7 Re4 27.
Ng5 Ra4 28. Bd2 Bb4 29. Bxb4 Rxb4 30. Qd3 Qxe5 31. c3 Rf4 32. Nh3 Ra4 33. Nf2
Rg8 34. g3 Rg5 35. Qc2 Ra5 36. Nd3 Qf5 37. Re1+ Kf8 38. b3 Qf6 39. Kb2 Qd6 40.
b4 Rb5 41. Qd2 Rf5 42. Qe3 Qf6 43. Kb3 Rf3 44. Qe8+ Kg7 45. Ne5 Rf2 46. Qd7 Qf5
47. Qxf5 Rxf5 48. Nd3 Rf3 49. Rd1 Kf6 50. Rd2 Re3 51. Ka4 Kg5 52. Nc5 Rxc3 53.
Nxa6 Rb6 54. Rxd5+ Kg4 55. Ka5 Rh6 56. Rd4+ Kh3 57. b5 Kxh2 58. Rh4+ Rxh4 59.
gxh4 Rh3 1/2-1/2

[Event "XI Torneo Leonardo di Bona Magistrale"]
[Site "Cutro ITA"]
[Date "2005.04.26"]
[Round "4"]
[White "Panarello, Giuseppe"]
[Black "Parrella, Alfredo"]
[Result "1-0"]
[WhiteElo "2006"]
[BlackElo "2176"]
[PlyCount "81"]
[EventDate "2005.04.23"]

1. d4 Nf6 2. Nf3 g6 3. c4 Bg7 4. Nc3 O-O 5. e4 d6 6. Be2 Nbd7 7. O-O e5 8. d5
a5 9. Ne1 Nc5 10. Qc2 Ne8 11. Nd3 Nxd3 12. Qxd3 f5 13. f3 f4 14. Bd2 b6 15. b4
axb4 16. Nb5 h5 17. Bxb4 g5 18. a4 g4 19. g3 Qg5 20. Bd2 Rf7 21. Nc3 Bh6 22.
Kh1 Qf6 23. Rg1 Rg7 24. Raf1 Bd7 25. Qc2 fxg3 26. hxg3 Bxd2 27. Qxd2 Qg6 28.
fxg4 hxg4 29. Kg2 Nf6 30. Bd3 Rf8 31. Rh1 Rff7 32. Rh6 Qxh6 33. Qxh6 Rh7 34.
Qg5+ Rhg7 35. Qe3 Nh7 36. Rxf7 Rxf7 37. Be2 Rg7 38. Qh6 Ng5 39. Qf6 Nh3 40.
Qd8+ Kh7 41. Qxc7 1-0

[Event "XI Torneo Leonardo di Bona Magistrale"]
[Site "Cutro ITA"]
[Date "2005.04.26"]
[Round "4"]
[White "Rinaldi, Francesco Saverio"]
[Black "Napoli, Nicolo'"]
[Result "1-0"]
[WhiteElo "2140"]
[BlackElo "2205"]
[PlyCount "121"]
[EventDate "2005.04.23"]

1. Nf3 b5 2. d4 g6 3. Bf4 Bg7 4. e3 a6 5. Nbd2 Nf6 6. h3 O-O 7. c4 b4 8. Be2 d6
9. O-O Bb7 10. Rc1 a5 11. Qc2 a4 12. Bh2 Ra5 13. Rfd1 Nbd7 14. c5 Bd5 15. cxd6
cxd6 16. Bc4 Bb7 17. Be2 Qa8 18. Qb1 Nb6 19. a3 b3 20. Bd3 Bh6 21. e4 Rc8 22.
Rxc8+ Nxc8 23. Nc4 Rh5 24. d5 e6 25. Nxd6 Nxd6 26. Bxd6 exd5 27. Be7 Nd7 28.
Bb5 Ne5 29. Be2 Qe8 30. Bf6 Bg7 31. Bxg7 Kxg7 32. exd5 Nd7 33. Nd4 Re5 34. Bf3
Bxd5 35. Bxd5 Rxd5 36. Nf3 Qe6 37. Qc1 Rc5 38. Qd2 Nf6 39. Rc1 Qd5 40. Rxc5
Qxc5 41. Qd4 Qc1+ 42. Kh2 Qc2 43. g4 Qe4 44. Kg2 h6 45. Qc3 g5 46. Qd4 Kg6 47.
Qxe4+ Nxe4 48. Ne5+ Kf6 49. Nc4 Ke6 50. Kf3 Nc5 51. Ke3 Kd5 52. Nb6+ Kc6 53.
Nc4 f6 54. f3 Ne6 55. Ke4 Kc5 56. Ne3 Nf4 57. h4 gxh4 58. Kxf4 Kd4 59. Nd1 Kd3
60. Nc3 Kd2 61. Nxa4 1-0

[Event "XI Torneo Leonardo di Bona Magistrale"]
[Site "Cutro ITA"]
[Date "2005.04.26"]
[Round "4"]
[White "Sautto, Alessandra"]
[Black "Scerbo, Antonio"]
[Result "0-1"]
[WhiteElo "1968"]
[BlackElo "2097"]
[PlyCount "92"]
[EventDate "2005.04.23"]

1. d4 Nf6 2. Nf3 g6 3. Nbd2 Bg7 4. e3 O-O 5. Bd3 d6 6. b3 c5 7. Bb2 Nc6 8. a3
Nd7 9. O-O e5 10. dxc5 Nxc5 11. Ne4 Qe7 12. Nxc5 dxc5 13. Be4 Rd8 14. Qe2 Na5
15. Bc3 Nc6 16. Bxc6 bxc6 17. e4 Bg4 18. h3 Bxf3 19. Qxf3 Rd7 20. Rad1 Rad8 21.
Rxd7 Qxd7 22. Ba5 Rb8 23. Rd1 Qe6 24. Qd3 c4 25. bxc4 Bf8 26. Qc3 Bc5 27. Qd3
Qf6 28. Qd2 Bxa3 29. Bc3 Bc5 30. Ba5 Kg7 31. Bc3 h5 32. Ba5 Qe6 33. Qd3 Rb2 34.
Bc3 Ra2 35. Qg3 Bd4 36. Bxd4 exd4 37. Rxd4 Rxc2 38. Qd3 Rc1+ 39. Kh2 Qe5+ 40.
g3 h4 41. Qd2 hxg3+ 42. fxg3 Rb1 43. Qf2 a5 44. h4 a4 45. Rd2 a3 46. Kh3 Qxe4
0-1

[Event "XI Torneo Leonardo di Bona Magistrale"]
[Site "Cutro ITA"]
[Date "2005.04.26"]
[Round "4"]
[White "Sautto, Daniele"]
[Black "Bentivegna, Francesco"]
[Result "1/2-1/2"]
[WhiteElo "2119"]
[BlackElo "2229"]
[PlyCount "24"]
[EventDate "2005.04.23"]

1. e4 c5 2. Nc3 Nc6 3. g3 g6 4. Bg2 Bg7 5. d3 e5 6. Be3 d6 7. Qd2 Nge7 8. Bh6
Bxh6 9. Qxh6 Nd4 10. O-O-O Be6 11. Bh3 Qd7 12. f4 exf4 1/2-1/2

[Event "XI Torneo Leonardo di Bona Magistrale"]
[Site "Cutro ITA"]
[Date "2005.04.26"]
[Round "4"]
[White "Van Hoolandt, Patrick"]
[Black "Parrotta, Daniele"]
[Result "1-0"]
[WhiteElo "2181"]
[BlackElo "2006"]
[PlyCount "119"]
[EventDate "2005.04.23"]

1. d4 d5 2. c4 c6 3. cxd5 cxd5 4. Nf3 Nf6 5. Nc3 Nc6 6. Bf4 a6 7. Rc1 e6 8. e3
Be7 9. Bd3 O-O 10. h3 Bd7 11. a3 b5 12. O-O Na5 13. Ne5 Rc8 14. Qe2 Qb6 15. g4
Qb7 16. g5 Ne4 17. Bxe4 dxe4 18. Nxd7 Qxd7 19. Nxe4 Nc4 20. Kh2 Qd5 21. Nc3 Qf5
22. Rg1 Rfd8 23. Rg4 e5 24. e4 Qd7 25. dxe5 Qd3 26. Qxd3 Rxd3 27. Nd5 Bf8 28.
Rg3 Rxg3 29. Kxg3 Rd8 30. Rc2 Rd7 31. h4 a5 32. a4 Rb7 33. axb5 Nb6 34. Nxb6
Rxb6 35. Rc8 g6 36. Ra8 Kg7 37. Rxa5 Bb4 38. Ra7 Kf8 39. Be3 Rxb5 40. Bd4 Bc5
41. Ra8+ Ke7 42. Bc3 Bb4 43. f4 Bxc3 44. bxc3 Rc5 45. Ra3 Kd7 46. Kf3 Rc7 47.
Ke3 Kc6 48. Kd3 Kc5 49. Ra5+ Kb6 50. Rd5 Ra7 51. Rd8 Ra2 52. Rd7 Rh2 53. Rxf7
Rxh4 54. Kd4 Kc6 55. Rf6+ Kd7 56. e6+ Kd6 57. c4 Rh2 58. c5+ Kc6 59. e7+ Kd7
60. Re6 1-0

[Event "XI Torneo Leonardo di Bona Magistrale"]
[Site "Cutro ITA"]
[Date "2005.04.26"]
[Round "4"]
[White "Velikov, Petar V."]
[Black "Rizzo, Giovanbattista"]
[Result "1-0"]
[WhiteElo "2427"]
[BlackElo "2088"]
[PlyCount "73"]
[EventDate "2005.04.23"]

1. Nf3 Nf6 2. c4 e6 3. g3 b6 4. Bg2 Bb7 5. O-O Be7 6. d4 O-O 7. Nc3 Ne4 8. Bd2
Bf6 9. Qc2 Nxc3 10. Bxc3 Re8 11. e4 g6 12. Rad1 d6 13. Rfe1 Nd7 14. e5 Bg7 15.
h4 Qc8 16. h5 d5 17. hxg6 hxg6 18. cxd5 Bxd5 19. Ng5 Nf8 20. Ne4 Qd8 21. Rd3
Nd7 22. Bd2 Rc8 23. Bg5 Bxe4 24. Bxd8 Bxd3 25. Qxd3 Rexd8 26. f4 c6 27. Rc1 Nb8
28. b4 Bf8 29. a3 a6 30. g4 c5 31. d5 exd5 32. Bxd5 Kg7 33. f5 Nc6 34. Qe4 Nd4
35. f6+ Kg8 36. Qxg6+ Kh8 37. Qh5+ 1-0

[Event "XI Torneo Leonardo di Bona Magistrale"]
[Site "Cutro ITA"]
[Date "2005.04.26"]
[Round "4"]
[White "Zaja, Ivan"]
[Black "Lazic, Miroljub"]
[Result "1/2-1/2"]
[WhiteElo "2489"]
[BlackElo "2500"]
[PlyCount "119"]
[EventDate "2005.04.23"]

1. d4 d5 2. c4 e6 3. Nc3 Nf6 4. cxd5 exd5 5. Bg5 c6 6. e3 Be7 7. Bd3 Nbd7 8.
Qc2 O-O 9. Nge2 Re8 10. O-O h6 11. Bh4 Ne4 12. Bxe7 Qxe7 13. Rae1 Ndf6 14. f3
Nxc3 15. Nxc3 Be6 16. Qd2 c5 17. dxc5 Qxc5 18. Nb5 Bd7 19. b4 Qb6 20. Nd4 Rac8
21. Rc1 Qd6 22. a3 Rxc1 23. Rxc1 Qe5 24. Rc3 g6 25. Bc2 h5 26. Qf2 Rc8 27. f4
Qe8 28. Rxc8 Qxc8 29. Qd2 Qe8 30. h3 Qe7 31. Nf3 Be6 32. Qd4 b6 33. Qe5 Nd7 34.
Qc7 Bxh3 35. Ne5 Be6 36. Ba4 Qh4 37. Nf3 Qg4 38. Bxd7 Bxd7 39. Qxa7 Qe6 40. Kf2
Kg7 41. Qc7 Ba4 42. Nd4 Qf6 43. Qc3 Kh7 44. b5 Bd1 45. Qd2 Bg4 46. a4 h4 47.
Kg1 Qe7 48. Nc6 Qe4 49. Kh2 Qxa4 50. Qxd5 Be6 51. Qg5 h3 52. Nd4 hxg2 53. Nxe6
g1=Q+ 54. Kxg1 Qa1+ 55. Kf2 Qa2+ 56. Kf3 Qxe6 57. Qh4+ Kg7 58. Qd8 Qh3+ 59. Kf2
Qh2+ 60. Kf1 1/2-1/2

[Event "XI Torneo Leonardo di Bona Magistrale"]
[Site "Cutro ITA"]
[Date "2005.04.27"]
[Round "5"]
[White "Bentivegna, Francesco"]
[Black "Cordi', Domenico"]
[Result "1-0"]
[WhiteElo "2229"]
[BlackElo "2084"]
[PlyCount "63"]
[EventDate "2005.04.23"]

1. e4 c5 2. c3 Nf6 3. e5 Nd5 4. d4 cxd4 5. Nf3 e6 6. cxd4 Be7 7. Nc3 Nxc3 8.
bxc3 d6 9. Bd3 Qc7 10. Bd2 Nd7 11. O-O dxe5 12. Nxe5 Nxe5 13. Bf4 Bd6 14. dxe5
Bxe5 15. Bb5+ Ke7 16. Bxe5 Qxe5 17. Qa4 a6 18. Rab1 Rd8 19. Qb4+ Rd6 20. Ba4 b6
21. Rfd1 Qc5 22. Qe4 Rxd1+ 23. Rxd1 Ra7 24. Qd3 Qc7 25. Qxh7 b5 26. Qh4+ Ke8
27. Qh8+ Ke7 28. Qh4+ Ke8 29. Bb3 g6 30. Qf6 Bd7 31. Rd4 Qxc3 32. Qh8+ 1-0

[Event "XI Torneo Leonardo di Bona Magistrale"]
[Site "Cutro ITA"]
[Date "2005.04.27"]
[Round "5"]
[White "Blagojevic, Dragisa"]
[Black "Ivanov, Mikhail M."]
[Result "1-0"]
[WhiteElo "2549"]
[BlackElo "2418"]
[PlyCount "99"]
[EventDate "2005.04.23"]

1. d4 d5 2. c4 c6 3. Nc3 e5 4. dxe5 d4 5. Ne4 Qa5+ 6. Bd2 Qxe5 7. Ng3 Nf6 8.
Nf3 Qd6 9. Qc2 Be7 10. O-O-O O-O 11. e3 dxe3 12. Bxe3 Qc7 13. Nf5 Bxf5 14. Qxf5
Nbd7 15. Bf4 Qc8 16. Nd4 g6 17. Qc2 a6 18. Be2 Re8 19. Bf3 Bf8 20. Rhe1 Nc5 21.
Rxe8 Qxe8 22. Qe2 a5 23. Qxe8 Rxe8 24. Kc2 Nfe4 25. Be3 h5 26. Nb3 a4 27. Nxc5
Nxc5 28. b4 axb3+ 29. axb3 Ne6 30. Kc3 Bg7+ 31. Kb4 Ra8 32. Rd7 Bf8+ 33. Kc3
Bg7+ 34. Kc2 Rb8 35. Ba7 Re8 36. Rxb7 c5 37. Bd5 Bd4 38. f3 Nd8 39. Rd7 Ne6 40.
b4 Bg1 41. h3 Kg7 42. Bxe6 Rxe6 43. Bxc5 Bxc5 44. bxc5 Rc6 45. Rd5 Kf8 46. Kc3
Ke7 47. Kb4 Rc8 48. Kb5 Rb8+ 49. Ka6 Rb4 50. Rd4 1-0

[Event "XI Torneo Leonardo di Bona Magistrale"]
[Site "Cutro ITA"]
[Date "2005.04.27"]
[Round "5"]
[White "Bratanov, Zsivko"]
[Black "Lacrosse, Marc"]
[Result "1-0"]
[WhiteElo "2423"]
[BlackElo "2289"]
[PlyCount "81"]
[EventDate "2005.04.23"]

1. d4 d5 2. Nf3 Nf6 3. c4 e6 4. Nc3 c6 5. cxd5 exd5 6. Qc2 Nbd7 7. Bf4 Be7 8.
h3 O-O 9. e3 Re8 10. Bd3 Nf8 11. O-O-O Bd6 12. Bxd6 Qxd6 13. Kb1 Be6 14. g4
Rac8 15. Rc1 a6 16. Na4 Ne4 17. Nc5 Nxc5 18. dxc5 Qd8 19. Nd4 Rc7 20. f4 Bc8
21. Qf2 g6 22. f5 Nd7 23. Qf4 Ne5 24. Be2 g5 25. Qf2 f6 26. h4 Nf7 27. Nf3 Qe7
28. hxg5 Nxg5 29. Nxg5 fxg5 30. Rh3 Rf8 31. Bd3 Rf6 32. Rch1 Qxc5 33. Qh2 Qe7
34. Rh5 h6 35. Rxg5+ Kf8 36. Rg6 Rxg6 37. fxg6 Qg7 38. Rf1+ Kg8 39. Qd6 Qe7 40.
Qf4 Rd7 41. Qxh6 1-0

[Event "XI Torneo Leonardo di Bona Magistrale"]
[Site "Cutro ITA"]
[Date "2005.04.27"]
[Round "5"]
[White "Bukal, Vladimir jr"]
[Black "Rinaldi, Francesco Saverio"]
[Result "1-0"]
[WhiteElo "2405"]
[BlackElo "2140"]
[PlyCount "87"]
[EventDate "2005.04.23"]

1. d4 Nf6 2. c4 g6 3. g3 c6 4. Bg2 d5 5. cxd5 cxd5 6. Nc3 Bg7 7. Nf3 O-O 8. O-O
Ne4 9. Ne5 Bf5 10. Na4 Nd7 11. Nxd7 Qxd7 12. f3 Nd6 13. g4 Be6 14. Nc5 Qc8 15.
Bf4 Nb5 16. e3 b6 17. Nd3 Qd7 18. Ne5 Qb7 19. Qa4 a6 20. Rfc1 Rfc8 21. Bf1 f6
22. Nd3 Bd7 23. Qb3 a5 24. a4 Nd6 25. Bxd6 exd6 26. Nf4 Bh6 27. Qxd5+ Qxd5 28.
Nxd5 Rxc1 29. Rxc1 Be6 30. Bc4 Kf8 31. Rc3 Rc8 32. Nxb6 Rc6 33. Bxe6 Rxb6 34.
b3 Rb7 35. f4 Ke7 36. Bd5 Rd7 37. Rc6 Ra7 38. Rc8 Bf8 39. Kf2 h6 40. h4 g5 41.
fxg5 fxg5 42. h5 Bg7 43. Ke2 Bf6 44. Kd3 1-0

[Event "XI Torneo Leonardo di Bona Magistrale"]
[Site "Cutro ITA"]
[Date "2005.04.27"]
[Round "5"]
[White "De Rosa, Mariagrazia"]
[Black "Isonzo, David"]
[Result "0-1"]
[WhiteElo "2081"]
[BlackElo "2325"]
[PlyCount "90"]
[EventDate "2005.04.23"]

1. e4 c5 2. Nf3 Nc6 3. d4 cxd4 4. Nxd4 g6 5. Nc3 Bg7 6. Be3 Nf6 7. Nxc6 bxc6 8.
e5 Ng8 9. Bd4 Qa5 10. e6 Nf6 11. exf7+ Kxf7 12. Bc4+ d5 13. Bb3 e5 14. Bxe5 Re8
15. f4 Ng4 16. O-O Qc5+ 17. Kh1 Bxe5 18. fxe5+ Kg7 19. Qf3 Bf5 20. Rae1 Nxe5
21. Qg3 Ng4 22. Qc7+ Kh8 23. Rxe8+ Rxe8 24. h3 Ne3 25. Rf4 g5 26. Na4 Qe7 27.
Qxe7 Rxe7 28. Rf2 h5 29. Nc5 Kg7 30. Ba4 Kg6 31. c3 g4 32. Re2 gxh3 33. gxh3
Bxh3 34. Bxc6 Bg4 35. Re1 h4 36. b4 Bf3+ 37. Kg1 h3 38. Kf2 Nd1+ 39. Rxd1 Bxd1
40. Bxd5 Re2+ 41. Kg1 Kg5 42. a4 Kh4 43. a5 Bc2 44. b5 Kg3 45. Kf1 Re5 0-1